| Tag |
First Indicator |
Second Indicator |
Subfields |
| LEADER |
00000cam a2200000 4500 |
| 001 |
in00000278564 |
| 005 |
20151010071735.0 |
| 008 |
750518s1956 ag 00000 eng |
| 010 |
|
|
|a 57032138
|
| 035 |
|
|
|a (OCoLC)01457668
|
| 035 |
|
|
|9 ABE7998AM
|
| 040 |
|
|
|c DZM
|d TXA
|d UtOrBLW
|
| 049 |
|
|
|a TXAM
|c [1574851]
|
| 050 |
0 |
0 |
|a PQ6605.A875
|b S5
|
| 092 |
|
|
|a Sp
|b C35236s
|
| 100 |
1 |
|
|a Castillo Puche, José Luis.
|
| 245 |
1 |
0 |
|a Sin camino :
|b novela.
|
| 264 |
|
1 |
|a Buenos Aires :
|b Emece Editores,
|c [1956]
|
| 300 |
|
|
|a 263 pages ;
|c 19 cm.
|
| 336 |
|
|
|a text
|b txt
|2 rdacontent
|
| 337 |
|
|
|a unmediated
|b n
|2 rdamedia
|
| 338 |
|
|
|a volume
|b nc
|2 rdacarrier
|
| 490 |
1 |
|
|a Grandes novelistas
|
| 830 |
|
0 |
|a Grandes novelistas.
|
| 999 |
|
|
|a MARS
|
| 999 |
f |
f |
|s 768a7487-7c2c-3c3c-9e9d-1dad405dfc33
|i 70f99a13-34be-3d98-a739-4af1bb839956
|t 0
|
| 952 |
f |
f |
|p ric
|a Texas A&M University
|b Rellis Campus
|c Joint Library Facility
|d Remote Storage
|t 0
|e PQ6605.A875 S5
|h Library of Congress classification
|i unmediated -- volume
|m A14803814405
|
| 998 |
f |
f |
|a PQ6605.A875 S5
|t 0
|l Remote Storage
|